Statistics for 2020 NBA Draft

Click here to take the quiz!

General Stats

  • This quiz has been taken 19 times
  • The average score is 22 of 60

Answer Stats

PickTeamAnswer% Correct
1TimberwolvesAnthony Edwards
94%
2WarriorsJames Wiseman
94%
3HornetsLamelo Ball
94%
4BullsPatrick Williams
88%
7PistonsKillian Hayes
82%
5CavaliersIsaac Okoro
76%
10SunsJalen Smith
76%
9WizardsDeni Avdija
71%
8KnicksObi Toppin
71%
6HawksOnyeka Okongwu
71%
12KingsTyrese Haliburton
71%
14CelticsAaron Nesmith
65%
15MagicCole Anthony
59%
19Nets/PistonsSaddiq Bey
53%
3676ers/MavericksTyler Bey
53%
17Timberwolves/ThunderAleksej Pokusevski
47%
11SpursDevin Vassell
47%
18MavericksJosh Green
47%
26CelticsPayton Pritchard
47%
20HeatPrecious Achiuwa
47%
24Bucks/NuggetsRJ Hampton
47%
2176ersTyrese Maxey
47%
25Thunder/KnicksImmanuel Quickley
41%
16Trailblazers/PistonsIsaiah Stewart
41%
13PelicansKira Lewis Jr
41%
29RaptorsMalachi Flynn
35%
41SpursTre Jones
35%
5876ersPaul Reed
29%
3476ers/ThunderTheo Maledon
29%
31MavericksTyrell Terry
29%
27JazzUdoka Azubuike
29%
22NuggetsZeke Nnaji
29%
33Timberwolves/ClippersDaniel Oturu
24%
56HornetsGrant Riller
24%
28Lakers/TimberwolvesJaden McDaniels
24%
42Pelicans/HornetsNick Richards
24%
57Clippers/NetsReggie Perry
24%
53Thunder/WizardsCassius Winston
18%
30Celtics/GrizzliesDesmond Bane
18%
43KingsJahmi'us Ramsey
18%
59RaptorsJalen Harris
18%
23Knicks/TimberwolvesLeandro Balmaro
18%
48WarriorsNico Mannion
18%
38Jazz/PistonsSaben Lee
18%
60Pelicans/BucksSam Merril
18%
32HornetsVernon Carey
18%
35Kings/GrizzliesXavier Tillman Sr.
18%
54PacersCassius Stanley
12%
46TrailblazersC.J Elleby
12%
49CelticsIsaiah Joe
12%
55Nets/ClippersJay Scrubb
12%
52Kings/RocketsKenyon Martin Jr.
12%
40Grizzlies/KingsRobert Woodard
12%
50HawksSkylar Mays
12%
37Wizards/ThunderVit Krejci
12%
47CelticsYam Madar
12%
45BucksJordan Nwora
6%
44BullsMarko Simonovic
6%
39Pelicans/JazzElijah Huges
0%
51WarriorsJustinian Jessup
0%

Score Distribution

Percentile by Number Answered

Percent of People with Each Score

Your Score History

You have not taken this quiz